Statistics for Horror Movie Franchises #42: Sleepaway Camp

Click here to take the quiz!

General Stats

  • This quiz has been taken 6 times
  • The average score is 2 of 6

Answer Stats

Movie% Correct
Sleepaway Camp
100%
Return to Sleepaway Camp
60%
Sleepaway Camp III: Teenage Wasteland
40%
Sleepaway Camp II: Unhappy Campers
40%
Sleepaway Camp IV: The Survivor
0%
Sleepaway Camp: Reunion
0%

Score Distribution

Percentile by Number Answered

Percent of People with Each Score

Your Score History

You have not taken this quiz